000 00655nas a2200229 4500
001 BR8804315
003 BR-BrBNA
005 20231205091229.0
007 ta
008 230509b bl.|||p| |||| 00| 00por d
040 _aBR-BrBNA
_bpor
_cBiblioteca Nacional de Agricultura
041 _a(Pt)
072 _aL02; L74
100 1 _aPupo, N.I.H.
245 1 _aHumidicola? Cuidado..!
650 _aCAPIM BRACHIARIA
650 _aNUTRICAO ANIMAL
650 _aDISTURBIO ANIMAL
773 0 _tRevista dos Criadores (Brazil)
_xISSN 0034-9259
_g(Nov 1986), v. 56(682) p. 48-50
_wBR8804315
909 _a202311
_bLúcia
_c55
_dLúcia Elande
942 _2AGRIS
_n0
_cANA
999 _c123722
_d123722